| 000 | 00713nam a22002057a 4500 | ||
|---|---|---|---|
| 999 |
_c11287 _d11287 |
||
| 003 | AR-CdUCM | ||
| 008 | 190403b ||||| |||| 00| 0 spa d | ||
| 040 |
_aMUNICIPALIDAD PROVINCIAL DEL CUSCO _cBIBLIOTECA MUNICIPAL DEL CUSCO |
||
| 082 |
_aES / 910 / _bM26 |
||
| 100 |
_aMarrero, Levi _928582 |
||
| 245 | _aViajemos por el mundo / | ||
| 260 |
_aMadrid : _bMediterraneo, _c1962. |
||
| 300 |
_a237 paginas _c27 cm. |
||
| 440 |
_aColección geográfica visualizada. _928583 |
||
| 505 | _aContenido :Viajemos por el mundo -- La tierra en el universo -- Las estrellas -- El sistema solar -- La luna ... | ||
| 650 |
_aGeografía mundial _91554 |
||
| 650 |
_aUniverso _918615 |
||
| 942 |
_2ddc _cLIBROS |
||
| 945 | _arum | ||